| 000 | 00931cam a22003131 4500 | ||
|---|---|---|---|
| 001 | 14310 | ||
| 003 | BD-RjUL | ||
| 005 | 20211208235615.0 | ||
| 008 | 140205s1953 nyua 001 0ceng | ||
| 035 | _a(BD-RjUL)14362 | ||
| 040 |
_aDLC/ICU _cICU _dBD-RjUL _beng |
||
| 041 | _aeng | ||
| 082 | 0 | 0 |
_a610.922 _bSTN 1953 |
| 100 | 1 |
_aStevenson, Lloyd G. _944674 |
|
| 245 | 1 | 0 |
_aNobel prize winners in medicine and physiology, 1901-1950 / _cLloyd G. Stevenson. |
| 260 |
_aNew York : _bH. Schuman, _cc1953. |
||
| 300 |
_a291 p. : _billus. ; _c22 cm. |
||
| 490 | 1 |
_aThe Life of science library, _vno. 29 |
|
| 500 | _aIncludes index. | ||
| 650 | 0 |
_aPhysicians. _944675 |
|
| 650 | 0 |
_aPhysiologists. _944676 |
|
| 650 | 0 |
_aNobel Prizes. _910828 |
|
| 650 | 0 |
_aNobel Prize winners. _928279 |
|
| 830 | 0 |
_vno. 29. _944679 |
|
| 830 | 0 |
_aLife of science library ; _944680 |
|
| 942 |
_2ddc _cBK |
||
| 999 |
_c14310 _d14310 |
||